01490 a2200193 45000010006000000050017000060080041000230030015000640400040000790800146001192450142002650200018004072640059004253000023004845050600005070410008011071000040011158560141011553011820260407155612.0260407a2006 arg spa dAR-UNSa-BCEJYS aAR-UNSa-BCEJYSbspacAR-UNSa-BCEJYS a658.17xGastos ajenos a los de explotación, p.e., para fomento de actividades culturales, sociales o políticas (Emprendimientos sociales)10aGestión efectiva de emprendimientos socialesplecciones extraídas de empresas y organizaciones de la sociedad civil en Iberoamérica a1-59782-035-0 1aWashington :bBanco Interamericano de Desarrolloc2006 axi, 351 p.c23 cm. a1. El emprendimiento social como marco de análisis - 2. El liderazgo de los emprendimientos sociales - 3. La estrategia en los emprendimientos sociales - 4. La cultura organizacional en los emprendimientos sociales - 5. La estructura de la organización - 6. La gestión de los recursos humanos en los emprendimientos sociales - 7. La viabilidad financiera de los emprendimientos sociales - 8. El gobierno de los emprendimientos sociales - 9. Medición de resultados en los emprendimientos sociales - 10. La generación de valor social y de valor económico - 11. Reflexiones integradoras aspa1 aSocial Enterprise Knowledge Network41uhttps://biblioeco.unsa.edu.ar/pmb/images/libros/Gestion efectiva de emprendimientos sociales2-l125075.jpgyImagen de portadaqimage/jpeg